[Event "Dublin Bolger Cup"]
[Site "Dublin"]
[Date "2022.03.27"]
[Round "4"]
[White "Wallace, Paul Anthony"]
[Black "Almousa, Sulaiman"]
[Result "1-0"]
[WhiteElo "2175"]
[BlackElo "2013"]
[PlyCount "125"]
[EventDate "2022.03.25"]
[EventType "swiss"]
[EventRounds "5"]
[EventCountry "IRL"]
[SourceTitle "CBM 207 Extra"]
[Source "ChessBase"]
[SourceDate "2022.05.31"]
[SourceVersion "1"]
[SourceVersionDate "2022.05.31"]
[SourceQuality "1"]

1. e4 c6 2. d4 d5 3. e5 Bf5 4. h4 a6 5. h5 c5 6. c3 Nc6 7. Be3 Qb6 8. Qb3 Qxb3 9. axb3 cxd4 10. Bxd4 Rc8 11. Nf3 e6 12. Nbd2 h6 13. Be2 g5 14. hxg6 Bxg6 15. b4 Nge7 16. b5 axb5 17. Bxb5 Bg7 18. 0-0 0-0 19. Rfe1 Nxd4 20. Nxd4 Nc6 21. N4f3 Ra8 22. Bxc6 bxc6 23. b4 Rfc8 24. Ra5 Rxa5 25. bxa5 Ra8 26. Ra1 Bd3 27. Nb3 Bf8 28. Nfd2 c5 29. f4 Ra6 30. Kf2 c4 31. Ke3 Be7 32. Kd4 Bd8 33. Nc5 Rxa5 34. Rxa5 Bxa5 35. Nxd3 cxd3 36. Kxd3 Kg7 37. Nb3 Bb6 38. Ke2 Kg6 39. Kf3 h5 40. Nc1 Kf5 41. Ne2 Bc5 42. Ng3+ Kg6 43. Ne2 Ba3 44. g4 hxg4+ 45. Kxg4 Bb2 46. Kf3 Kh5 47. Kg3 Ba1 48. Kf3 Kh4 49. f5 exf5 50. Kf4 Bb2 51. Kxf5 Ba3 52. Nf4 Kg3 53. Nxd5 Kf3 54. Nb6 Be7 55. Nc8 Ba3 56. Nd6 Ke2 57. Ke4 Bc5 58. Nxf7 Kd2 59. c4 Kc3 60. Kd5 Kb4 61. Nd6 Bb6 62. e6 Bd8 63. Nf5 1-0

[Event "Dublin Bolger Cup"]
[Site "Dublin"]
[Date "2022.03.26"]
[Round "3"]
[White "Almousa, Sulaiman"]
[Black "Mazur, Stefan"]
[Result "0-1"]
[WhiteElo "2013"]
[BlackElo "2422"]
[PlyCount "118"]
[EventDate "2022.03.25"]
[EventType "swiss"]
[EventRounds "5"]
[EventCountry "IRL"]
[SourceTitle "CBM 207 Extra"]
[Source "ChessBase"]
[SourceDate "2022.05.31"]
[SourceVersion "1"]
[SourceVersionDate "2022.05.31"]
[SourceQuality "1"]

1. d4 d5 2. c4 e5 3. dxe5 Ne7 4. cxd5 Qxd5 5. Qxd5 Nxd5 6. a3 Nc6 7. Nf3 h6 8. e4 Nb6 9. Nc3 Bd7 10. Be2 g5 11. Be3 0-0-0 12. Rc1 Bg7 13. Nb5 Kb8 14. b4 Nxe5 15. Nxc7 Nxf3+ 16. gxf3 Bb2 17. Rc2 Bxa3 18. 0-0 Bxb4 19. Ra1 Nc8 20. Nd5 Bd6 21. Rxc8+ Kxc8 22. Rxa7 Bc6 23. Bb6 Kd7 24. Bxd8 Rxd8 25. Bc4 Bc5 26. Ra5 Bd4 27. Kf1 Kd6 28. Kg2 f5 29. Nb4 fxe4 30. Nxc6 exf3+ 31. Kxf3 Rf8+ 32. Ke2 bxc6 33. f3 Rf4 34. Bd3 Rh4 35. Be4 Rxh2+ 36. Kd3 c5 37. Ra8 Ke5 38. Rf8 Rb2 39. Rf5+ Ke6 40. Rf8 Rb3+ 41. Kc2 Ra3 42. Rc8 Ke5 43. Rf8 c4 44. Rf5+ Ke6 45. Rd5 Be5 46. Rc5 Ra2+ 47. Kb1 Rb2+ 48. Kc1 c3 49. Rc6+ Kd7 50. Rc5 Kd6 51. Rc6+ Ke7 52. Bg6 Bf4+ 53. Kd1 Rd2+ 54. Ke1 Bg3+ 55. Kf1 Rf2+ 56. Kg1 Rxf3 57. Bh5 Re3 58. Kg2 Bf4 59. Bg4 Rg3+ 0-1

[Event "Dublin Bolger Cup"]
[Site "Dublin"]
[Date "2022.03.26"]
[Round "2"]
[White "Kordzadze, Nino"]
[Black "Almousa, Sulaiman"]
[Result "1/2-1/2"]
[WhiteElo "2043"]
[BlackElo "2013"]
[PlyCount "93"]
[EventDate "2022.03.25"]
[EventType "swiss"]
[EventRounds "5"]
[EventCountry "IRL"]
[SourceTitle "CBM 207 Extra"]
[Source "ChessBase"]
[SourceDate "2022.05.31"]
[SourceVersion "1"]
[SourceVersionDate "2022.05.31"]
[SourceQuality "1"]

1. c4 e6 2. g3 Nf6 3. Bg2 d5 4. e3 dxc4 5. Qa4+ Bd7 6. Qxc4 Bc6 7. Nf3 Nbd7 8. 0-0 Nb6 9. Qe2 Qd5 10. Nc3 Qh5 11. e4 Na4 12. e5 Nxc3 13. bxc3 Nd7 14. Re1 Be7 15. d4 0-0 16. a4 a5 17. h3 Nb6 18. c4 Nxa4 19. d5 exd5 20. g4 Qg6 21. e6 fxe6 22. Ne5 Nc3 23. Qe3 Qc2 24. Nxc6 bxc6 25. Qxe6+ Rf7 26. Be3 Bb4 27. Rac1 Ne2+ 28. Rxe2 Qxe2 29. Qxc6 Raf8 30. Bxd5 Bd2 31. Bxf7+ Rxf7 32. Qe8+ Rf8 33. Qe6+ Kh8 34. Rb1 Qf3 35. Qd5 Qxd5 36. cxd5 Bb4 37. Rc1 Rf7 38. Bc5 h6 39. Bxb4 axb4 40. Rc4 Rd7 41. Rxb4 Rxd5 42. Rc4 c5 43. Kg2 Kg8 44. Kf3 Rd3+ 45. Kf4 Rxh3 46. Rxc5 Kf7 47. f3 1/2-1/2